• 首页
  • 本馆介绍
  • 公告通知
  • 最新文献
  • 馆藏检索
  • 电子资源
  • 读者导购
  • 参考咨询
  • 我的图书馆
  • 登录
  • 详细信息显示
  • 放入我的书架
  • 预约/预借图书
  • 作者相关作品
  • 分类相关作品
  • 丛书相关作品
  • 出版社相关作品

书目信息

  • 表格格式
  • 工作单格式
  • 卡片格式
题名:
震慑作战
    
 
作者: 宁凌 , 张怀璧 , 赵中其 编著
分册:  
出版信息: 北京   军事谊文出版社  2006
页数: 3, 266页
开本: 20cm
丛书名: 新理念战争丛书
单 册:
中图分类: E839.9
科图分类:
主题词: 战术学--研究--Zhan Shu Xue
电子资源:
ISBN: 7-80150-522-0
000 01359nam0 2200349 450
000 01322nam0 2200337 450
000 01321nam0 2200349 450
000 01267nam0 2200325 450
000 01285nam0 2200313 450
000 01248nam0 2200301 45
001 0195145394
005 20061210144827.65
010    @a7-80150-522-0@dCNY18.00
100    @a20060829d ekmy0chiy0110 ea
101 0  @achi
102    @aCN@b110000
105    @ay z 000yy
200 1  @a震慑作战@Azhen she zuo zhan@f宁凌,张怀璧,赵中其编著@FNing Ling, Zhang Huai Bi, Zhao Zhong Qi Bian Zhu
210    @a北京@c军事谊文出版社@d2006
215    @a3, 266页@d20cm
225 2  @a新理念战争丛书@AXin Li Nian Zhan Zheng Cong Shu
330    @a本书为了使读者系统了解震撼作战的全景,本书分为理论篇、发展篇、战例篇,对震撼作战这一作战理念从理论到实践进行了比较系统的全面的探讨。收集资料尽可能广泛,有关说明尽可能详细,主要是想把更多的信息提供出来,拓展进一步深化研究的空间。
410  0 @12001 @a新理念战争丛书
606 0  @a战术学@x研究@AZhan Shu Xue
690    @aE839.9@v4
701  0 @a宁凌@Aning ling@4编著
701  0 @a张怀璧@Azhang huai bi@4编著
701  0 @a赵中其@Azhao zhong qi@4编著
801  2 @aCN@bTSSF@c20061210
905    @a10447@dE839.9@e30
    
    震慑作战/宁凌,张怀璧,赵中其编著.-北京:军事谊文出版社,2006
    3, 266页;20cm.-(新理念战争丛书)
    
    
    ISBN 7-80150-522-0:CNY18.00
    本书为了使读者系统了解震撼作战的全景,本书分为理论篇、发展篇、战例篇,对震撼作战这一作战理念从理论到实践进行了比较系统的全面的探讨。收集资料尽可能广泛,有关说明尽可能详细,主要是想把更多的信息提供出来,拓展进一步深化研究的空间。
●
相关链接 在E读中查询图书 在五车中查询图书 在当当中查询图书 在豆瓣中查询图书


正题名:震慑作战     索取号:E839.9/30         预约/预借

序号 登录号 条形码 馆藏地/架位号 状态 备注
1 0607242   206072426   第一样本阅览室/ [索取号:E839.9/30] 在馆    
2 0607243   206072435   第一借阅区/ [索取号:E839.9/30] 在馆    
3 0607244   206072444   第一借阅区/ [索取号:E839.9/30] 在馆    
4 0607245   206072453   第一借阅区/ [索取号:E839.9/30] 在馆    
5 0607246   206072462   第一借阅区/ [索取号:E839.9/30] 在馆    
唐山师范学院图书馆 欢迎您!
大连网信软件有限公司© 版权所有